| 000 | 00427nam a2200181Ia 4500 | ||
|---|---|---|---|
| 001 | 5061 | ||
| 005 | 20260306145840.0 | ||
| 008 | 260306t2005||||xx |||||||||||||| ||spa|| | ||
| 041 | _aESP | ||
| 082 |
_a332.678 _bH76 |
||
| 100 |
_aHorine, Gregory W. _eAUT |
||
| 245 | 0 | _aGestión de proyectos texto impreso | |
| 260 | _c2005 | ||
| 300 |
_a400 páginas : _ccm. |
||
| 650 | _aGEN | ||
| 654 | _aCAN | ||
| 942 |
_cLIB _dJUS _fJUS _2ddc _n |
||
| 999 |
_c5061 _d5061 |
||